Thánh kinh xử thế của người Trung Quốc : (Quan hệ học). T.1 /

Học mà giỏi thì sẽ làm quan - Con đường tiến thân của quan trường; Quân tử yêu tài, con đường giành lấy tất cả - Cửa cầu tài; Người có tình cuối cùng sẽ trở thành quyến thuộc - Con đường tình ái.

Đã lưu trong:
書目詳細資料
主要作者: Đông Phương Tri.
格式: 圖書
語言:Vietnamese
出版: Cà Mau : Nxb. Mũi Cà Mau, 2004.
主題:
標簽: 添加標簽
沒有標簽, 成為第一個標記此記錄!
Thư viện lưu trữ: Mạng thư viện Đại học Đà Nẵng
LEADER 01452cam a2200373 a 4500
001 000044572
003 2974
005 20060426145439.0
008 010314b2004 vm 000 vie
020 |c 78000 
040 |a LRC  |c LRC  |d LRC 
041 0 |a vie 
082 1 4 |a 302.50951  |b ĐÔ-T 
100 1 |a Đông Phương Tri. 
245 1 0 |a Thánh kinh xử thế của người Trung Quốc :  |b (Quan hệ học).  |n T.1 /  |c Đông Phương Tri. 
260 |a Cà Mau :  |b Nxb. Mũi Cà Mau,  |c 2004. 
300 |a 699 tr. ;  |c 20 cm. 
520 3 |a Học mà giỏi thì sẽ làm quan - Con đường tiến thân của quan trường; Quân tử yêu tài, con đường giành lấy tất cả - Cửa cầu tài; Người có tình cuối cùng sẽ trở thành quyến thuộc - Con đường tình ái. 
630 0 4 |a Xử thế. 
630 0 4 |a Trung Quốc. 
650 0 4 |a Quan hệ học. 
650 0 4 |a Thuật xử thế  |z Trung Quốc. 
OWN |a DUT 
AVA |a UDN50  |b DUT  |c Book  |d 302.50951 ĐÔ-T  |e available  |t Error 5001 Not defined in file expand_doc_bib_avail.  |f 3  |g 0  |h N  |i 1  |j SH  |k 1 
999 |a From the UDN01 
AVA |a UDN50  |b DUT  |c Book  |d 302.50951 ĐÔ-T  |e available  |t Error 5001 Not defined in file expand_doc_bib_avail.  |f 3  |g 0  |h N  |i 1  |j SH  |k 1 
TYP |a Monograph 
TYP |a Printed language 
980 |a Mạng thư viện Đại học Đà Nẵng